Statistiche per Quiz sul Regno Unito

Clicka qui per fare il quiz!

Statistiche generali

  • Questo quiz è stato fatto 3.188 volte
  • Il punteggio medio è 16 su 24

Statistiche sulle risposte

DomadaRisposta% Corretto
L'unico paese che confina con il Regno Unito
(esclusi territori d'oltremare, etc.)
Irlanda
99%
Stati che costituiscono il Regno UnitoGalles
96%
Stati che costituiscono il Regno UnitoInghilterra
96%
Capitali degli stati sopracitatiLondra
96%
Stati che costituiscono il Regno UnitoScozia
96%
Stati che costituiscono il Regno UnitoIrlanda del Nord
91%
ValutaSterlina britannica
88%
Capitali degli stati sopracitatiEdimburgo
82%
Borgo della città di Londra attraversato
dal meridiano 0
Greenwich
80%
SovranoCarlo III
78%
Separa la Francia dalla Gran BretagnaCanale della Manica
75%
La più antica universitàOxford
74%
Drammaturgo e poeta, autore di "Romeo e Giulietta"William Shakespeare
72%
Capitali degli stati sopracitatiBelfast
70%
Residenza ufficiale dei sovraniBuckingham Palace
67%
Le due Camere del ParlamentoCamera dei {Lord}
67%
Capitali degli stati sopracitatiCardiff
66%
Inno nazionaleGod Save the King
66%
Paese che è la fonte di più
residenti britannici nati all'estero
India
45%
Attuale primo ministroRishi Sunak
41%
Le due Camere del ParlamentoCamera dei {Comuni}
39%
Edificio più altoThe Shard
18%
Fiume più lungoSevern
17%
Montagna più altaBen Nevis
16%

Distribuzione punteggi

Percentile per numero di risposta

Percentuale di utenti per punteggio

I tuoi punteggi nel tempo

Non hai fatto questo quiz